|
|
|
|
| LEADER |
00675cam a2200193 7i4500 |
| 001 |
0000027526 |
| 005 |
20120511090000.0 |
| 020 |
0 |
0 |
|a 9789881513748
|
| 090 |
0 |
0 |
|a CHIN 338.88851
|b CHI
|
| 245 |
0 |
0 |
|a China foreign enterprise directory 2011.
|
| 250 |
0 |
0 |
|a 13th edition.
|
| 260 |
0 |
0 |
|a Hong Kong:
|b Sinomedia,
|c 2011.
|
| 300 |
# |
# |
|a 875 p.
|
| 650 |
0 |
0 |
|a Business --
|x Directories --
|z China
|
| 650 |
0 |
0 |
|a Business enterprises, foreign --
|x Law and legislation --
|z China
|
| 650 |
0 |
0 |
|a Corporations,Foreign --
|x Directories --
|z China
|
| 650 |
0 |
0 |
|a Investments,Foreign --
|x Directories --
|z China
|
| 651 |
0 |
0 |
|a China
|
| 999 |
|
|
|a B000030181
|b Directories
|c Countries
|e Business Information Centre
|